000 00515nam a2200193Ia 4500
008 220216s9999 xx 000 0 und d
100 _aSivanadyan K
245 0 _aConsequence of transforming tropical rain forests to Hevea plantations
260 _bPlanter
_c1992
300 _a547-568
650 _aBiomass
650 _aEcofriendly
650 _aEnvironmental conservation
650 _aHevea plantation
650 _aNutrient bank
650 _aRain forest
700 _aMoris Norhayati
942 _cJS
999 _c56169
_d56169